02435nam a2200397 450000100060000000300470000600500170005301000260007007300180009609000100011409900060012410000410013010100080017110200070017910500180018618100190020418100240022318200100024718200200025720000540027721400300033121400210036121400110038221400280039321500200042121500100044122500240045133012740047561000470174970000180179670000200181480100600183485600380189485600390193299500660197114040http://catalogue.bnf.fr/ark:/12148/cb48727015x20260326095752.0 a9782487746237d15 EUR 0a9782487746237 a14040 o0 a20260311d2026 m y0frey50 ba0 afre aFR a||||z 00||| 0601ai bxxxe  602ctxt2rdacontent 0601an 602cn2rdamedia1 aJ'adore ma VIEbTexte impriméesuivi de Gilbert 0cEsse que éditionsd2026 3cImpr. Typolibris 0aPantin 3a22-Saint-Brieuc cedex 9 a1 vol. (168 p.) d19 cm1 aThéâtre musical aJ adore ma VIE Théâtre Musical Elle s appelle Trousse, comme une trousse. Il s appelle Bacon, comme le bacon. Ils ont un fils de trois ans, Kant. Ils vivent à la Grande Époque de nos Jours. Trousse a une révélation. Elle veut faire quelque chose d important dans sa vie. Sur ce, arrive Chair Fraîche. C est à ce moment-là que tout va vraiment commencer. Fable sentimentale contemporaine sur la réalisation de soi, J adore ma VIE prend la forme d une comédie musicale à la fois détonante et émouvante. Gilbert Petite forme théâtrale et musicale dédiée au hors les murs Simone tombe amoureuse de Gilbert. Gilbert tombera-t-il amoureux de Simone? Une table, trois chaises, trois comédiens qui jouent et chantent suffisent à donner vie à ce récit loufoque et jouissif. Sonia Bester est autrice, metteuse en scène et directrice artistique de la compagnie de théâtre musical Madamelune. Elle a écrit et mis en scène plusieurs spectacles dont La Tragédie du Belge, Ah! Félix (n est pas le bon titre), Comprendre ( Lauréat Fonds SACD Théâtre). Avec le diptyque J adore ma VIE et Gilbert, elle continue de creuser son sillon, faisant entendre sa voix décalée, drôle et poétique, pleine de fantaisie. amusiqueacomédie musicaleacoupleaamour aBesterbSonia cAuteur du texte 0aFRbFR-751131015c20260311gAFNORhFRBNF48727015000000X 2u1187136bPremière de couverture 2u1187137bQuatrième de couverture 2052026-03-26913931cJOLfJOL-007740kTH BES Xo0bJOLrLIVR